书目信息 |
| 题名: |
照相机技术基础
|
|
| 作者: | 田村稔 著 ;杭州照相机械研究所 译 | |
| 分册: | ||
| 出版信息: | 北京 机械工业出版社 1985.11 |
|
| 页数: | 453页 | |
| 开本: | 20cm | |
| 丛书名: | ||
| 单 册: | ||
| 中图分类: | TB852.1 | |
| 科图分类: | ||
| 主题词: | 摄影--机具 , 摄影--设备 | |
| 电子资源: | ||
| ISBN: | ||
| 000 | 00610nam0 2200205 45 | |
| 001 | 0312221749 | |
| 005 | 20060424085147.89 | |
| 010 | @dCNY3.15 | |
| 100 | @a20031222d1985 km y0chiy0120 ea | |
| 101 | @achi | |
| 200 | 1 | @a照相机技术基础@AZhao Xiang Ji Ji Shu Ji Chu@f(日)田村稔等著@F(Ri)Tian Cun Ren Deng Zhu@g杭州照相机械研究所译 |
| 210 | @a北京@c机械工业出版社@d1985.11 | |
| 215 | @a453页@d20cm | |
| 606 | 0 | @a摄影@x机具 |
| 606 | 0 | @a摄影@x设备 |
| 690 | @aTB852.1@v3 | |
| 701 | 0 | @a田村稔@4著 |
| 712 | 0 | @a杭州照相机械研究所@4译 |
| 801 | @aCN@bTSTCL@c20060424 | |
| 905 | @a213230@dTB852.1@e108@b151018-019@f2 | |
| 照相机技术基础/(日)田村稔等著/杭州照相机械研究所译.-北京:机械工业出版社,1985.11 |
| 453页;20cm |
| ISBN :CNY3.15 |
| ● |
| 相关链接 |
|
|
|
|
正题名:照相机技术基础
索取号:TB852.1/108
 
预约/预借
| 序号 | 登录号 | 条形码 | 馆藏地/架位号 | 状态 | 备注 |
| 1 | 0151018 | 001360912 | 第三借阅区/ [索取号:TB852.1/108] | 在馆 | |
| 2 | 0151019 | 001360878 | 第三借阅区/ [索取号:TB852.1/108] | 在馆 | |
| 3 | 0151020 | 202245454 | 密集书库/ [索取号:TB852.1/108] | 在馆 |